| 000 | 00433cam a22001337a 4500 | ||
|---|---|---|---|
| 008 | 180718b1955 xxu||||| |||| 00| 0 eng d | ||
| 082 | _aD613 M363 | ||
| 100 | _aMartin, Andrew | ||
| 245 |
_aChanging charter: a study in the reform of the United nations _cby Andrew Martin and John B. S. Edwards |
||
| 260 |
_aLondon _bSylvan Press _c1955 |
||
| 300 | _a128p | ||
| 650 | _aUnited Nations. Charter --Amendments | ||
| 700 | _aEdwards, B. S. | ||
| 999 |
_c425466 _d425466 |
||